| 000 | 02285nam a2200289 i 4500 | ||
|---|---|---|---|
| 001 | 160139 | ||
| 003 | ES-MaACL | ||
| 005 | 20250816091142.0 | ||
| 008 | 050721m17681779fr af |||| | fre d | ||
| 040 |
_aCAM _bspa _cCAM |
||
| 100 | 1 |
_aMorand, Jean-François-Clément, _d1726-1784 _9153967 |
|
| 245 | 1 | 2 |
_aL'art d'exploiter les mines de charbon de terre / _cpar M. Morand. |
| 260 |
_a[Paris : _bSaillant, Nyon et Desaint], _c1768-1779. |
||
| 300 |
_a6 v. : _bil. ; _cFol. (44 cm) |
||
| 490 | 1 | _aDescriptions des arts et métiers faites ou approuvées par Messieurs de l'Académie Royale des Sciences | |
| 505 | 8 |
_aContiene: Première partie ; _tDu charbon de terre (XVIII, 196 p., XIII h. de lám.) - Partie 2, Sections 1-3 ; _tDe l'extraction, de l'usage et du commerce du charbon de terre ([2], 167-460 p., XIV-XXXVI h. de lám.), 1773 - ; _tExplotation, commerce et usage du charbon de terre en France: IIIe section ([2], 461-725 p., XXXVII-LIII h. de lám.), 1774 - Part. 2, 4e sect ; _tEssai de théorie-pratique sur l'art d'exploiter les mines ou carrières de charbon de terre et sur les différentes manieres d'employer ce fossile pour les manufectures, atteliers et usages domestiques ([2], 727-1114 p., LIV-LV h. de lám.), 1776 - Part. 2, suite de la 4e sect ; _tEssai de théorie pratique sur les différentes manières d'employer le charbon de terre... ([2], XIII, 1115-1356, (44) p., LVII-LVIII* h. de grab.), 1777 - [Part. 3] ; _tTable des matières... Explication des planches... et Additions et corrections (II, 1357-1612 p., [1] h. de lám. (LVIII**), 1779 |
|
| 530 | _aDisponible en formato digital. | ||
| 596 | _aCada parte con portadilla propia. | ||
| 599 | _aLas h. de lám. calc., de diferentes autores. | ||
| 650 | 4 |
_aCarbón- _vObras anteriores a 1800. _9153958 |
|
| 830 | 0 | 0 |
_aDescriptions des arts et métiers _9241750 |
| 852 |
_aES-MaACL _jR-32-37 _z- Enc. hol. _x Olim: C-10827-70 |
||
| 856 |
_uhttp://gallica.bnf.fr/ark:/12148/bpt6k10676462/f17.image _zBNF-Gallica (parte 1; parte 2, sec. 1-3) |
||
| 856 |
_uhttp://gallica.bnf.fr/ark:/12148/bpt6k1069694r?rk=85837;2 _zBNF-Gallica (parte 2, sec. 4) |
||
| 856 |
_uhttp://gallica.bnf.fr/ark:/12148/bpt6k1069696k?rk=107296;4 _zBNF-Gallica (parte 3) |
||
| 999 |
_c160139 _d160139 |
||